|
|
|
|
| LEADER |
00000nab a2200000 a 4500 |
| 001 |
vtls008419023 |
| 003 |
SK-MaSNL |
| 005 |
20260303070055.0 |
| 008 |
140301c2002 xo |r|p|||||||100 b|slo |
| 015 |
|
|
|a SNBRB2005/11
|2 snkbucl
|
| 038 |
|
|
|a SNKBUCL
|
| 040 |
|
|
|a SNKBUCL
|b slo
|c SNKBUCL
|e AACR2
|
| 041 |
0 |
|
|a slo
|
| 044 |
|
|
|a xo
|c SK
|
| 080 |
|
|
|a 551.44:061.3
|2 1981
|
| 100 |
1 |
|
|a Marušin, Milan
|4 aut
|9 770906
|
| 245 |
1 |
0 |
|a XX. speleologická škola Cieszyn - Liptovský Mikuláš
|c Milan Marušin
|
| 300 |
|
|
|a Fotogr.
|
| 504 |
|
|
|a Bibliogr. odkazy
|
| 611 |
2 |
7 |
|a Speleologická škola
|n (20. :
|d 2001 :
|c Cieszyn, Poľsko a Liptovský Mikuláš, Slovensko)
|2 snkbucl
|9 1067025
|
| 650 |
0 |
7 |
|a speleológia
|2 snkbucl
|9 17878
|
| 650 |
0 |
7 |
|a semináre
|2 snkbucl
|9 18562
|
| 773 |
0 |
|
|t Sinter 10
|d Liptovský Mikuláš : Slovenské múzeum ochrany prírody a jaskyniarstva, 2002
|g S. 30-31
|z 80-88924-23-5
|
| 852 |
|
|
|a SNK
|b KIS3GCP
|
| 999 |
|
|
|c 1753818
|d 1755748
|